| 000 | 00782nam a22002057a 4500 | ||
|---|---|---|---|
| 999 |
_c12028 _d12028 |
||
| 003 | AR-CdUCM | ||
| 008 | 190405b ||||| |||| 00| 0 spa d | ||
| 040 |
_aMUNICIPALIDAD PROVINCIAL DEL CUSCO _cBIBLIOTECA MUNICIPAL DEL CUSCO |
||
| 082 |
_a321.4 / _bV66 / 1927 |
||
| 100 |
_aVillanueva, Francisco _926255 |
||
| 245 |
_aLa crisis de la democracia : _bEnsayo histórico - político - filosófico / |
||
| 260 |
_aMadrid : _bIbero-americano _c1927. |
||
| 300 |
_a161 páginas ; _c19 cm. |
||
| 505 | _aContenido : Confesión de propósito -- ¿Que es la democracia? -- Aspecto político, religioso y económico en las cortes de Cádiz ... | ||
| 650 |
_aSociología _9276 |
||
| 650 |
_aCrisis _96852 |
||
| 650 |
_aDemocracia _92598 |
||
| 942 |
_2ddc _cLIBROS |
||
| 945 |
_arah _d05/04/2019 |
||